Sports Quiz

Random Sports or Golf Quiz

LPGA Tour Wins Quiz Stats

 Plays Quiz Updated Mar 23, 2020

Support Sporcle.
Go Orange.
Score 0/28 Timer 05:00
3 Plays Today
Wins Golfer % Correct
72Annika Sörenstam
87.6%
48Nancy Lopez
61.4%
27Lorena Ochoa
50.9%
20Inbee Park
47.7%
41Karrie Webb
42.7%
41Babe Zaharias
40%
25Se Ri Pak
38.5%
20Laura Davies
37.5%
31Juli Inkster
33.8%
21Marilynn Smith
25.7%
88Kathy Whitworth
24.1%
20Cristie Kerr
23.6%
82Mickey Wright
21.1%
34Betsy King
21%
Wins Golfer % Correct
43JoAnne Carner
18.4%
33Beth Daniel
18%
31Pat Bradley
16.4%
61Louise Suggs
16.1%
26Judy Rankin
14.8%
35Patty Sheehan
14.8%
29Amy Alcott
14%
60 Patty Berg
13.1%
55Betsy Rawls
9.4%
38Carol Mann
8.5%
24Donna Caponi
8.3%
42Sandra Haynie
6.9%
26Marlene Hagge
5.8%
27Jane Blalock
5.8%

From the Vault

South America (Redux)

by chriskotx

Geography 60s
We're not talking about Mississippi and Alabama here!
Remove Ads.
Support Sporcle.
Get the best of Sporcle when you Go Orange. This ad-free experience offers more features, more stats, and more fun while also helping to support Sporcle. Thank you for becoming a member.

Show Comments

Extras

Top Quizzes Today


Score Distribution

Your Account Isn't Verified!

In order to create a playlist on Sporcle, you need to verify the email address you used during registration. Go to your Sporcle Settings to finish the process.

Report this User

Report this user for behavior that violates our Community Guidelines.

Details: